Základné požiadavky pre uvedenie zdravotníckej pomôcky na trh Európskej únie
Povinnosti, ktoré výrobcom vyplývajú z harmonizačných právnych predpisov Európskej únie. Zdravotnícke pomôcky a ciele harmonizačných predpisov v rámci voľného pohybu tovaru a jednotného trhu. Smernice Európskeho parlamentu a Rady, ktoré sú súčasťou harmonizačných predpisov.
Guardado en:
| Autor principal: | |
|---|---|
| Formato: | Capítulo de libro |
| Lenguaje: | eslovaco |
| Materias: | |
| Etiquetas: |
Sin Etiquetas, Sea el primero en etiquetar este registro!
|
MARC
| LEADER | 00000naa a2200000 4500 | ||
|---|---|---|---|
| 001 | 0229528 | ||
| 005 | 20220720102855.2 | ||
| 041 | 0 | |a slo | |
| 044 | |a SK | ||
| 245 | 1 | 0 | |a Základné požiadavky pre uvedenie zdravotníckej pomôcky na trh Európskej únie |c Jozef Kováč |
| 520 | |a Povinnosti, ktoré výrobcom vyplývajú z harmonizačných právnych predpisov Európskej únie. Zdravotnícke pomôcky a ciele harmonizačných predpisov v rámci voľného pohybu tovaru a jednotného trhu. Smernice Európskeho parlamentu a Rady, ktoré sú súčasťou harmonizačných predpisov. | ||
| 610 | 2 | 0 | |a riadenie kvality |
| 610 | 2 | 0 | |a normy medzinárodné |
| 610 | 2 | 0 | |a požiadavky na výrobky |
| 610 | 2 | 0 | |a certifikáty |
| 610 | 2 | 0 | |a certifikácia |
| 610 | 2 | 0 | |a zdravotníctvo |
| 610 | 2 | 0 | |a smernice |
| 610 | 2 | 0 | |a spolupráca medzinárodná |
| 610 | 2 | 0 | |a harmonizácia |
| 610 | 2 | 0 | |a Európska únia |
| 100 | 1 | |a Kováč, Jozef | |